Morale religieuse et morale laïque (Record no. 179002)

MARC details
000 -LEADER
campo de control de longitud fija 00842nam a2200229 i 4500
001 - NÚMERO DE CONTROL
campo de control 179002
003 - IDENTIFICADOR DE NÚMERO DE CONTROL
campo de control ES-MaACL
005 - FECHA Y HORA DE LA ÚLTIMA TRANSACCIÓN
campo de control 20250806034356.0
008 - DATOS DE LONGITUD FIJA--INFORMACIÓN GENERAL
campo de control de longitud fija 110819s1914 fr |||| | fre d
245 00 - MENCIÓN DEL TÍTULO
Título Morale religieuse et morale laïque
Resto del título : leçons faites à l'Ecole des Hautes Études Sociales /
Mención de responsabilidad, etc. par ... R. Allier, G. Belot, [et al].
260 ## - PUBLICACIÓN, DISTRIBUCIÓN, ETC.
Lugar de publicación, distribución, etc. Paris :
Nombre del editor, distribuidor, etc. Félix Alcan,
Fecha de publicación, distribución, etc. 1914.
300 ## - DESCRIPCIÓN FÍSICA
Extensión 271 p. ;
Dimensiones 22 cm.
490 1# - MENCIÓN DE SERIE
Mención de serie Bibliothèque générale des sciences sociales ;
Designación de volumen o secuencia 50
650 07 - PUNTO DE ACCESO ADICIONAL DE MATERIA--TÉRMINO DE MATERIA
Término de materia o nombre geográfico como elemento de entrada Ética religiosa
Fuente del encabezamiento o término embne
9 (RLIN) 12590
650 07 - PUNTO DE ACCESO ADICIONAL DE MATERIA--TÉRMINO DE MATERIA
Término de materia o nombre geográfico como elemento de entrada Religión y moral
Fuente del encabezamiento o término embne
9 (RLIN) 16812
650 #4 - PUNTO DE ACCESO ADICIONAL DE MATERIA--TÉRMINO DE MATERIA
Término de materia o nombre geográfico como elemento de entrada Secularismo.
9 (RLIN) 144679
700 0# - ENTRADA AGREGADA--NOMBRE PERSONAL
Nombre de persona Allier, Raoul.
9 (RLIN) 20038
700 0# - ENTRADA AGREGADA--NOMBRE PERSONAL
Nombre de persona Belot, Gustave.
9 (RLIN) 27319
830 00 - PUNTO DE ACCESO ADICIONAL DE SERIE-TÍTULO UNIFORME
Título uniforme Bibliothèque générale des sciences sociales
Designación de volumen o secuencia 50
9 (RLIN) 187778
852 ## - LOCALIZACIÓN
Ubicación ES-MaACL
Número de control de estantería C-23129
Holdings
Estatus retirado Estado de pérdida Estado de daño No para préstamo Biblioteca de origen Biblioteca actual Ubicación en estantería Fecha de adquisición Fuente de adquisición Total de préstamos Signatura topográfica completa Código de barras Visto por última vez Precio de reemplazo Tipo de ítem Koha
        Biblioteca del Ateneo de Madrid Biblioteca del Ateneo de Madrid Depósito 2 19/08/2011     C-23129 1188029 23/02/2023 23/02/2023 Libro impreso